000 00484nam a2200181Ia 4500
008 131103s9999 xx 000 0 und d
020 _a0 33391 801 0
_cRs.38.00
040 _aLoreto College
041 _aEnglish
082 _aF/TAG
_bLCBED/11587
100 _aTagore, Rabindranath
245 4 _aThe home and the world
_cRabindranath Tagore
260 _aMadras
_bMacmillan
_c1992
300 _a150p
_c 18cm.
650 _aEnglish fiction
850 _aLCBED/F/TAG
942 _cBK
999 _c32916
_d83395